000 01037nam a22003017a 4500
001 BR2010005155
003 BR-BrBNA
005 20230928103418.0
007 ta
008 230509b bl.||||| |||| 00| 0 por d
040 _aBR-BrBNA
_bpor
_cBiblioteca Nacional de Agricultura
041 _a(Por)
072 _aT01; P10
090 _ T01 BR2010005155
100 1 _aVieira, G.P.
110 1 _aCentro de Energia Nuclear na Agricultura, Piracicaba, SP (Brasil)
_0Tese (Doutor em Ciências)
245 1 _aDesenvolvimento de procedimento analítico automático para determinação espectrofotométrica de microcistinas em águas empregando o processo de multicomutação em fluxo
260 3 _aPiracicaba, SP (Brasil):
_c2010.
300 _a83 p.
500 _aSummaries (Eng, Por); Bibliography p. 74-83; 10 tables; 15 illus.
650 _aPOLUIÇÃO DA ÁGUA
650 _aALGA
650 _aTOXINA
650 _aESPECTROFOTOMETRIA
650 _aQUALIDADE DA ÁGUA
909 _a202309
_bLucia
_c55
_dLucia Elande
942 _cBK
999 _c75002
_d75002